| 000 | 00655cab a2200205 4500 | ||
|---|---|---|---|
| 001 | WB3416-47 | ||
| 008 | 090401t1998 xxu||||| |||| 00| 0 eng d | ||
| 035 | _a(Sirsi) u85856 | ||
| 041 | _aeng | ||
| 245 | _aRICS General Council to seek substansive issues | ||
| 260 | _c1998 | ||
| 350 | _a0 | ||
| 490 |
_aEstates Gazette _v(9817) 25 April 1998, 54(1) |
||
| 520 | _aRICS General Council is to debate how to focus the role of the president and itself on more `important issues`. | ||
| 650 | _aRICS GENERAL COUNCIL | ||
| 650 | _aRICS PRESIDENT | ||
| 690 | _aMANAGEMENT-BUSINESS MANAGEMENT-PROFESSIONAL PRACTICE | ||
| 942 | _n0 | ||
| 948 | _c28/04/1998 | ||
| 999 |
_c54007 _d54007 |
||